书目信息 |
| 题名: |
简明理论力学
|
|
| 作者: | 孙毅 主编 ;哈尔滨工业大学 编 | |
| 分册: | ||
| 出版信息: | 北京 高等教育出版社 2019.03 |
|
| 页数: | 255页 | |
| 开本: | 23cm | |
| 丛书名: | iCourse·教材 | |
| 单 册: | ||
| 中图分类: | O31 , O31-43 | |
| 科图分类: | ||
| 主题词: | 理论力学--li lun li xue--高等学校--教材 | |
| 电子资源: | ||
| ISBN: | 978-7-04-051372-1 | |
| 000 | 01219nam 2200289 450 | |
| 001 | 2537413369 | |
| 005 | 20250509102345.47 | |
| 010 | @a978-7-04-051372-1@dCNY34.70 | |
| 100 | @a20190412d2019 em y0chiy50 ea | |
| 101 | 0 | @achi |
| 102 | @aCN@b110000 | |
| 105 | @aa z 000yy | |
| 200 | 1 | @a简明理论力学@Ajian ming li lun li xue@f哈尔滨工业大学力学教研室编@Fha er bin gong ye da xue li xue jiao yan shi bian@g孙毅主编 |
| 205 | @a第3版 | |
| 210 | @a北京@c高等教育出版社@d2019.03 | |
| 215 | @a255页@c图@d23cm | |
| 225 | 2 | @aiCourse·教材@AiCourse·jiao cai |
| 330 | @a全书内容共16章, 包括静力学公理和物体的受力分析、平面汇交力系和力偶系、平面任意力学、空间力系、摩擦、点的运动学、刚体的简单运动、点的合成运动、刚体的平面运动、质点动力学基本方程、动量定理、动量矩定理、动能定理、达朗贝尔原理、虚位移原理、机械振动基础。 | |
| 410 | 0 | @12001 @aiCourse·教材 |
| 517 | 1 | @a理论力学@Ali lun li xue |
| 606 | 0 | @a理论力学@Ali lun li xue@x高等学校@j教材 |
| 690 | @aO31@v5 | |
| 690 | @aO31-43@v4 | |
| 701 | 0 | @a孙毅@Asun yi@4主编 |
| 712 | 02 | @a哈尔滨工业大学@Aha er bin gong ye da xue@b力学教研室@Bli xue jiao yan shi@4编 |
| 801 | 0 | @aCN@b河南城建学院图书馆@c20190826 |
| 905 | @b21417627-28@dO31-43@eS973=3@f2 | |
| 简明理论力学/哈尔滨工业大学力学教研室编/孙毅主编.-第3版.-北京:高等教育出版社,2019.03 |
| 255页:图;23cm.-(iCourse·教材) |
| ISBN 978-7-04-051372-1:CNY34.70 |
| 全书内容共16章, 包括静力学公理和物体的受力分析、平面汇交力系和力偶系、平面任意力学、空间力系、摩擦、点的运动学、刚体的简单运动、点的合成运动、刚体的平面运动、质点动力学基本方程、动量定理、动量矩定理、动能定理、达朗贝尔原理、虚位移原理、机械振动基础。 |
| ● |
| 相关链接 |
|
|
|
正题名:简明理论力学
索取号:O31-43/S973=3
 
预约/预借
| 序号 | 登录号 | 条形码 | 馆藏地/架位号 | 状态 | 备注 |
| 1 | 1554906 | 215549066 | 土木与交通工程学院资料室/ [索取号:O31-43/S973=3] | 在馆 |